000 01383 a2200217 4500
020 _a1591391849
020 _a9781591391845
082 0 4 _a658.4092019
090 _c3010
_d3010
100 1 _aGoleman, Daniel.
245 1 0 _aPrimal leadership :
_blearning to lead with emotional intelligence /
_cDaniel Goleman.
260 _a[S.l.] :
_bHarvard Business Press,
_c2004.
300 _a336 p. ;
_c21 cm.
500 _aPaperback.
520 _aNational Bestseller Available in Paperback Drawing from decades of research within world-class organizations, the authors show that great leaders-whether CEOs or managers, coaches or politicians-excel not just through skill and smarts, but by connecting with others using Emotional Intelligence competencies like empathy and self-awareness. The best leaders, they show, have "resonance"-a powerful ability to drive emotions in a positive direction to get results-and can fluidly interchange among a variety of leadership styles as the situation demands. Groundbreaking and timely, this book reveals the new requirements of successful leadership.
700 1 _aBoyatzis, Richard E.
700 1 _aMcKee, Annie.
856 4 0 _3Amazon.com
_uhttp://www.amazon.com/exec/obidos/ASIN/1591391849/chopaconline-20
856 4 0 _3Amazon customer reviews
_uhttp://www.chopac.org/cgi-bin/tools/azrev.pl?q=1591391849
942 _aNBS
_cBK
_k658.4092019 GOL
999 _c345500
_d345500